[Event "London NWYM"]
[Site "London"]
[Date "1988.??.??"]
[Round "?"]
[White "Norwood, David"]
[Black "Kudrin, Sergey"]
[Result "1-0"]
[WhiteElo "2470"]
[BlackElo "2545"]

1.d4 Nf6 2.Nf3 e6 3.g3 b5 4.Bg2 Bb7 5.O-O Be7 6.Bg5 c5 7.c3 Na6 8.Na3 Qb6
9.c4 b4 10.Nb5 cxd4 11.Qxd4 Qxd4 12.Nfxd4 Bxg2 13.Kxg2 O-O 14.Rfd1 Rfc8 15.Rac1 Nc5
16.Bf4 a6 17.Nd6 Bxd6 18.Bxd6 Nfe4 19.Nb3 Nxd6 20.Rxd6 Na4 21.Rxd7 Nxb2 22.c5 Na4
23.c6 Nc3 24.Na5 Nxa2 25.Rc4 g6 26.c7 Kg7 27.Nb3 g5 28.Nc5 Kg6 29.Nd3 b3
30.Ne5+ Kf6 31.f4 gxf4 32.gxf4 Kg7 33.Rxf7+ Kg8 34.f5 b2 35.Rg4+ Kh8 36.Rgg7  1-0

[Event "Lloyds Bank op"]
[Site "London"]
[Date "1988.??.??"]
[Round "?"]
[White "Sadler, Matthew"]
[Black "Kudrin, Sergey"]
[Result "1-0"]
[WhiteElo "2385"]
[BlackElo "2545"]

1.b3 b6 2.Bb2 Bb7 3.Nf3 Nf6 4.g3 e6 5.Bg2 Be7 6.O-O c5 7.d3 d6 8.c4 O-O 9.Nc3 a6
10.e3 Nbd7 11.Qe2 Rb8 12.d4 cxd4 13.exd4 Re8 14.Rad1 Bf8 15.Rfe1 Qc7 16.h3 Rbc8
17.Qd3 Qb8 18.d5 e5 19.Ng5 Ba8 20.Rc1 g6 21.h4 Bg7 22.Ba3 Nc5 23.Bxc5 Rxc5
24.Nce4 Rcc8 25.Qf3 Nxe4 26.Qxf7+ Kh8 27.Bxe4 Rf8 28.Qd7 Rcd8 29.Qg4 Bh6
30.Nxh7 Bxc1 31.Nxf8 Rxf8 32.Qxg6 Qc7 33.Rxc1 Bb7 34.Bf5 Bc8 35.Bxc8 Rxc8
36.Re1  1-0

[Event "London NWYM"]
[Site "London"]
[Date "1988.??.??"]
[Round "?"]
[White "Hebden, Mark"]
[Black "Kudrin, Sergey"]
[Result "1/2-1/2"]
[WhiteElo "2460"]
[BlackElo "2545"]

1.d4 Nf6 2.Nf3 e6 3.c4 b6 4.g3 Ba6 5.b3 Bb4+ 6.Bd2 Be7 7.Nc3 d5 8.cxd5 exd5
9.Bg2 O-O 10.O-O Bb7 11.Rc1 Na6 12.Qc2 h6 13.Qb2 Re8 14.Rfd1 Ne4 15.Nxe4 dxe4
16.Ne5 Qd5 17.b4 Bf6 18.f4 Bxe5 19.fxe5 Rad8 20.b5 Nb8 21.Rxc7 Qxd4+ 22.Qxd4 Rxd4
23.Rxb7 e3 24.e6 fxe6 25.Rxg7+ Kh8 26.Rxa7 Rxd2 27.Re1 Nd7 28.Bc6 Rd8 29.Bxd7 R8xd7
30.Ra3 R7d6 31.Kg2 Rb2 32.Ra8+ Kg7 33.a4 Ra2 34.Kf3 Rd4 35.Ra6 Raxa4 36.Rxb6 Kf6
37.Rb1 Rd5 38.Rb8 Rf5+ 39.Kxe3 Re5+ 40.Kf2 Ra2 41.Re1 Rb2 42.b6 Reb5 43.Rc1 Rxb6
44.Rh8 Kg7 45.Rcc8 R6b5 46.Rcg8+ Kf7 47.Rf8+ Kg7 48.Rfg8+ Kf7 49.Rg4 Re5
50.Rh7+ Kf8 51.Ra4 Rexe2+ 52.Kf3 Rf2+ 53.Kg4 Kg8 54.Rxh6 Rxh2 55.Rxe6 Ra2
56.Rae4 Rhf2 57.Rg6+ Kf7 58.Rh6 Rae2  1/2-1/2

[Event "London NWYM"]
[Site "London"]
[Date "1988.??.??"]
[Round "?"]
[White "Hodgson, Julian M"]
[Black "Kudrin, Sergey"]
[Result "1/2-1/2"]
[WhiteElo "2525"]
[BlackElo "2545"]

1.d4 Nf6 2.Nf3 g6 3.Nc3 d5 4.Bf4 Bg7 5.e3 O-O 6.Be2 c5 7.dxc5 Qa5 8.Nd2 Qxc5
9.Nb3 Qb6 10.Nb5 Na6 11.O-O Bd7 12.a4 Rfc8 13.Be5 Bxb5 14.axb5 Nc7 15.Bd4 Qd6
16.Bxa7 b6 17.Nd4 Nd7 18.c4 Bxd4 19.Qxd4 dxc4 20.Qxd6 exd6 21.Bxc4 d5 22.Be2 Ne6
23.Ra2 Rc7 24.Rfa1 Rb7 25.Ra3 Ndc5 26.Bxb6 Rxa3 27.bxa3 Rxb6 28.a4 Nb3 29.a5 Nxa1
30.axb6 Nc5 31.Bf3 Nd7 32.b7 d4 33.Bc6 Nb8 34.exd4 Nc2 35.d5 Nd4 36.f3 Kf8
37.Kf2 Ke7 38.g4 Kd6 39.Ke3 Kc5 40.g5 Nxb5 41.Ke4 Nd4 42.Be8 Nf5 43.Ke5 Kb6
44.Bxf7 Kxb7 45.Be6 Nh4 46.f4 Kc7 47.Bg4 Nd7+ 48.Ke6 Nc5+ 49.Ke7 Ne4 50.Be6 Nd6
51.Bg8 Ng2 52.Bxh7 Nxf4 53.Kf6 Ne4+ 54.Ke5 Nxg5 55.Bxg6 Nxg6+ 56.Kf5  1/2-1/2

[Event "London NWYM"]
[Site "London"]
[Date "1988.??.??"]
[Round "?"]
[White "Kudrin, Sergey"]
[Black "Kosten, Anthony C"]
[Result "1-0"]
[WhiteElo "2545"]
[BlackElo "2510"]

1.e4 e5 2.Bc4 Nf6 3.d3 Nc6 4.Nf3 Bc5 5.c3 a6 6.O-O Ba7 7.Nbd2 d6 8.Bb3 O-O
9.h3 Ne7 10.Re1 Ng6 11.Nf1 Be6 12.Ng3 h6 13.d4 Re8 14.Bc2 c6 15.Be3 Qc7 16.Qd2 Rad8
17.Rad1 d5 18.Nxe5 Nxe5 19.Bf4 Bxh3 20.Bxe5 Rxe5 21.dxe5 Qxe5 22.Nf1 Bg4
23.exd5 Qh5 24.Rc1 Rxd5 25.Qf4 Be6 26.Rcd1 Ng4 27.Rxd5 cxd5 28.Re2 g6 29.Rd2 Kg7
30.Qg3 Qg5 31.Bd1 Nxf2 32.Rxf2 Qc1 33.Qe5+ Kh7 34.Qe2 d4 35.cxd4 Bxd4 36.Bb3 Bxb3
37.axb3 Qf4 38.g3 Bxf2+ 39.Qxf2 Qc7 40.Ne3 Qd7 41.Qf6 h5 42.Kf2 Kg8 43.Qe5 Qc6
44.Ke2 Qd7 45.b4 Qc6 46.Kd3 Qf3 47.Kd4 Kh7 48.Qf4 Qxf4+ 49.gxf4 h4 50.Ke4 f5+
51.Kf3 Kh6 52.Nc4 Kh5 53.Nd6 b6 54.Nc8 b5 55.Ne7 h3 56.Kg3 g5 57.Kxh3 gxf4
58.Nd5 Kg6 59.Kg2 Kf7 60.Nc7 Ke7 61.Nxa6 Kd6 62.Kf3 Ke5 63.Nc7 Kd4 64.Kxf4 Kc4
65.Na6 Kb3 66.Kxf5 Kc4 67.Ke5 Kb3 68.Kd5  1-0

[Event "Lugano op"]
[Site "Lugano"]
[Date "1988.??.??"]
[Round "?"]
[White "Torre, Eugenio"]
[Black "Kudrin, Sergey"]
[Result "1-0"]
[WhiteElo "2545"]
[BlackElo "2555"]

1.e4 c5 2.Nf3 d6 3.c3 Nf6 4.Be2 g6 5.O-O Bg7 6.Bb5+ Bd7 7.Bxd7+ Nbxd7 8.Re1 e5
9.d4 exd4 10.cxd4 O-O 11.Nc3 Re8 12.e5 dxe5 13.dxe5 Ng4 14.Bg5 Qc8 15.Nd5 Kh8
16.Ne7 Qc7 17.Qd6 Qxd6 18.exd6 Nge5 19.Nxe5 Nxe5 20.Nd5 h6 21.Be7 Rec8 22.Nf6 Nc6
23.d7 Rcb8 24.Ne8 Bxb2 25.Rab1 Bc3 26.Nc7 Bxe1 27.Bf6+ Kg8 28.Rxe1 Kf8 29.Rd1 Nd8
30.Kf1 b5 31.Bxd8 Rxd8 32.Nxa8 Ke7 33.Nc7 b4 34.Na6 Rxd7 35.Rxd7+ Kxd7 36.Nxc5+ Kc6
37.Nd3 a5 38.Ke2 Kd5 39.Kd2 Kd4 40.Kc2 f5 41.Nb2 f4 42.Kb3 g5 43.h3 h5 44.Ka4 Kc3
45.Kxa5 Kxb2 46.Kxb4 Kxa2 47.Kc3 Kb1 48.Kd2 g4 49.f3 g3 50.h4  1-0

[Event "National op"]
[Site "?"]
[Date "1988.??.??"]
[Round "?"]
[White "Kudrin, Sergey"]
[Black "Brooks, Michael A"]
[Result "1/2-1/2"]
[WhiteElo "2555"]
[BlackElo "2345"]

1.e4 e5 2.Nf3 Nc6 3.Bc4 Bc5 4.c3 Nf6 5.d3 O-O 6.O-O d6 7.Bb3 a6 8.Re1 Be6
9.Nbd2 Bxb3 10.Qxb3 Kh8 11.Nf1 Ng4 12.Re2 Qd7 13.Ng3 Bb6 14.h3 Nf6 15.Bg5 Ng8
16.Rd1 f6 17.Bc1 Nge7 18.d4 Ng6 19.Qc2 Qf7 20.a3 Rad8 21.d5 Nce7 22.b4 c6
23.dxc6 bxc6 24.c4 d5 25.c5  1/2-1/2

[Event "Thessaloniki ol (Men)"]
[Site "Thessaloniki"]
[Date "1988.??.??"]
[Round "3"]
[White "Hergott, Deen"]
[Black "Kudrin, Sergey"]
[Result "1-0"]
[WhiteElo "2365"]
[BlackElo "2545"]

1.d4 Nf6 2.c4 g6 3.Nc3 d5 4.Bf4 Bg7 5.e3 c5 6.dxc5 Qa5 7.Rc1 Ne4 8.Ne2 Nc6
9.cxd5 Nb4 10.a3 Na2 11.b4 Qxa3 12.Nxa2 Qxa2 13.f3 Nf6 14.e4 O-O 15.Be5 Qa3
16.Qd4 Nh5 17.Bxg7 Nxg7 18.Ra1 Qb3 19.Nc1 Qc2 20.Rg1 e5 21.Qxe5 Re8 22.Qd4 Nf5
23.Qd2 Rxe4+ 24.fxe4 Qxe4+ 25.Kf2 Nd4 26.Bd3 Qh4+ 27.g3 Qxh2+ 28.Rg2 Qh5
29.Qf4 Qxd5 30.Ne2 Nxe2 31.Bxe2 Be6 32.Bf3 Qb3 33.Rd1 Re8 34.Kg1 a5 35.bxa5 Qa3
36.Bxb7 Qxc5+ 37.Qd4 Qxa5 38.Re2 Qc7 39.Bd5 Qxg3+ 40.Rg2 Qd6 41.Bxe6 Qxe6
42.Rf2 Qb3 43.Rd3 Qb1+ 44.Kg2 Rf8 45.Qd5 Qb4 46.Rd4 Qb6 47.Rdf4 Qc7 48.Rc4 Qb8
49.Re4 Qc7 50.Rb4 Qc8 51.Rb7 Qe8 52.Rd7 Kg7 53.Qd4+ Kg8 54.Qd5 Kg7 55.Ra7 Kg8
56.Rb7 Kg7 57.Rc7 Kg8 58.Ra7 Kg7 59.Qd4+ Kg8 60.Qd5 Kg7 61.Kf1 Kg8 62.Rd7 Kg7
63.Rc7 Kg8 64.Rf4 Kg7 65.Kf2 Kg8 66.Rf6 Kg7 67.Qd4 Kg8 68.Qc4 Kg7 69.Qc3 Kg8
70.Rfc6 Qe4 71.Rc8 Qf4+ 72.Ke1 Qe4+ 73.Kd2 Qf4+ 74.Kc2 Qf5+ 75.Kb2 Qb5+ 76.Kc1 Qg5+
77.Kb2 Qb5+ 78.Ka3 Qd5 79.Kb4 Qe4+ 80.Ka3 Qd5 81.Rc5 Qd6 82.Kb2 Qh2+ 83.Kb3 Qf4
84.Rxf8+ Kxf8 85.Qh8+ Ke7 86.Re5+ Kd7 87.Qe8+ Kd6 88.Qb8+  1-0

[Event "Thessaloniki ol (Men)"]
[Site "Thessaloniki"]
[Date "1988.??.??"]
[Round "5"]
[White "Kudrin, Sergey"]
[Black "Machado, Hermes A"]
[Result "1-0"]
[WhiteElo "2545"]
[BlackElo "2340"]

1.e4 e5 2.Nf3 Nf6 3.Nxe5 d6 4.Nf3 Nxe4 5.d4 d5 6.Bd3 Bd6 7.O-O O-O 8.c4 c6
9.Nc3 Nxc3 10.bxc3 Bg4 11.cxd5 cxd5 12.Rb1 Nd7 13.h3 Bh5 14.Rb5 Nb6 15.c4 Bxf3
16.Qxf3 dxc4 17.Bc2 Rb8 18.a4 a6 19.Bg5 Qc7 20.Bxh7+ Kxh7 21.Qh5+ Kg8 22.Bf6 Bh2+
23.Kh1 Qd6 24.Bxg7 Kxg7 25.Rg5+ Kf6 26.Re1 Qe6 27.Rxe6+ fxe6 28.Rg6+ Ke7
29.Rg7+  1-0

[Event "Thessaloniki ol (Men)"]
[Site "Thessaloniki"]
[Date "1988.??.??"]
[Round "10"]
[White "Kudrin, Sergey"]
[Black "Rodriguez, Ruben"]
[Result "1/2-1/2"]
[WhiteElo "2545"]
[BlackElo "2405"]

1.e4 e5 2.Nf3 Nc6 3.Bc4 Nf6 4.d3 h6 5.O-O d6 6.c3 g6 7.Re1 Bg7 8.Nbd2 O-O
9.Bb3 Na5 10.Bc2 c5 11.b4 cxb4 12.cxb4 Nc6 13.b5 Ne7 14.Nc4 Ne8 15.Bb3 Kh7
16.d4 exd4 17.Nxd4 d5 18.exd5 Nxd5 19.Ba3 Rh8 20.Ne5 Nec7 21.Qf3 Re8 22.Nxf7 Rxe1+
23.Rxe1 Qf6 24.Bxd5 Qxd4 25.Bb3 Nxb5 26.Bc1 Qb4 27.Qe3 Bd7 28.Bd2 Qd4 29.Nxh6 Re8
30.Qxd4 Rxe1+ 31.Bxe1 Nxd4 32.Nf7 Nxb3 33.axb3 b6 34.b4 Bf6 35.Nd6 Bd8 36.Bc3 Bc6
37.f3 a5 38.Nf7 axb4 39.Bxb4 Bf6 40.Kf2 Kg7 41.Nd6 Bd4+ 42.Ke2 Be5 43.h3 Bxd6
44.Bxd6 Bb5+ 45.Ke3 Bf1 46.Kf2 Bc4 47.h4 b5 48.Ke3 Bf1 49.g3 Kf7 50.Kf4 Be2
51.Bb4 Bd1 52.Bc3 Be2 53.g4 Bd1 54.Ke4 Bc2+ 55.Ke5 Bd1 56.Kf4 Be2 57.Ke4 Bd1
58.h5 gxh5 59.gxh5 Bc2+ 60.Kf4 Bd1  1/2-1/2

[Event "Thessaloniki ol (Men)"]
[Site "Thessaloniki"]
[Date "1988.??.??"]
[Round "11"]
[White "Kudrin, Sergey"]
[Black "Chandler, Murray G"]
[Result "1/2-1/2"]
[WhiteElo "2545"]
[BlackElo "2610"]

1.e4 c5 2.Nf3 Nc6 3.d4 cxd4 4.Nxd4 Nf6 5.Nc3 e5 6.Ndb5 d6 7.Bg5 a6 8.Na3 b5
9.Bxf6 gxf6 10.Nd5 Bg7 11.c3 f5 12.exf5 Bxf5 13.Nc2 Ne7 14.Nce3 Be6 15.g4 Nxd5
16.Nxd5 O-O 17.Bg2 Rc8 18.Be4 Qh4 19.Ne3 Bh6 20.Nf5 Bxf5 21.Bxf5 Rc4 22.Qf3 Rf4
23.Qg3 Bg5 24.Ke2 d5 25.Rad1 Rd8 26.f3 b4 27.Qxh4 Bxh4 28.cxb4 Rxb4 29.b3 a5
30.Rd3 a4 31.Rhd1 h6 32.Rxd5 Rxd5 33.Rxd5 axb3 34.axb3 Rxb3 35.h3 Rb2+ 36.Kd3 Rb3+
37.Ke2 Rb2+ 38.Kd3 Rb3+  1/2-1/2

[Event "USA-ch"]
[Site "?"]
[Date "1988.??.??"]
[Round "?"]
[White "Kudrin, Sergey"]
[Black "Frias, Victor J"]
[Result "1-0"]
[WhiteElo "2545"]
[BlackElo "2510"]

1.e4 c5 2.Nf3 d6 3.d4 cxd4 4.Nxd4 Nf6 5.Nc3 e6 6.g3 Nc6 7.Bg2 Bd7 8.O-O Be7
9.Nxc6 Bxc6 10.a4 O-O 11.Be3 Qc8 12.Bd4 b6 13.Bxf6 Bxf6 14.Qxd6 Qb7 15.Qf4 Bxc3
16.bxc3 Qa6 17.Rfd1 Qa5 18.Rd3 Rac8 19.Qd2 b5 20.Qg5 Be8 21.Qe5 Rc4 22.h4 Rxa4
23.Rxa4 Qxa4 24.Qb8 Bd7 25.Qc7 Be8 26.Qe7 a5 27.Rd8 b4 28.cxb4 axb4 29.e5 h5
30.Rb8 g6 31.Bf1 Kg7 32.Bb5 Qa1+ 33.Kh2 Qxe5 34.Rxe8 Rxe8 35.Qxe8 Qf5 36.Qc6 Qxf2+
37.Qg2 Qe3 38.Qe2 Qc3 39.Qd3 Qb2 40.Bc4 Qf6 41.Kg2 Qe5 42.Ba6 Qa1 43.Bb7 Qe5
44.Bc6 Qb2 45.Qc4 Qe5 46.Bf3 Qe1 47.Qd4+ Kf8 48.Qc5+ Kg7 49.Qd4+ Kg8 50.Qc4 Kg7
51.Be2 Kg8 52.Kf3 Kg7 53.Qd4+ Kg8 54.Qd3 Qa1 55.Ke4 Qa8+ 56.Ke5 Kg7 57.Kd6 Qa5
58.Qd4+ Kg8 59.Qd3 Qb6+ 60.Ke5 Kg7 61.Ke4 Qc7 62.Kf3 f5 63.Qc4 Qd6 64.Qb5 e5
65.Qb7+ Kf8 66.Qc8+ Ke7 67.Qb7+ Kf8 68.Qa6 Qd5+ 69.Kf2 Kg7 70.Qa7+ Kh6 71.Qb6 Qh1
72.Qe3+ f4 73.Qxe5 Qh2+ 74.Ke1 Qxg3+ 75.Kd2 Kh7 76.Qe7+ Kh6 77.Qf8+ Kh7 78.Qf7+ Kh6
79.Qf8+ Kh7 80.Qe7+ Kh6 81.Bd3 Qg4 82.Qf6 Kh7 83.Qf7+ Kh6 84.Qg8 Qg2+ 85.Be2 Qb7
86.Qh8+ Qh7 87.Qf6  1-0

[Event "USA-ch"]
[Site "?"]
[Date "1988.??.??"]
[Round "?"]
[White "Kudrin, Sergey"]
[Black "Gulko, Boris F"]
[Result "1-0"]
[WhiteElo "2545"]
[BlackElo "2590"]

1.e4 e6 2.d4 d5 3.Nd2 c5 4.exd5 exd5 5.Ngf3 Nc6 6.Bb5 Bd6 7.dxc5 Bxc5 8.O-O Ne7
9.Nb3 Bd6 10.Re1 O-O 11.Bd3 Nb4 12.Bg5 Nxd3 13.Qxd3 f6 14.Bh4 Bf5 15.Qd2 Qd7
16.Bg3 Bxg3 17.hxg3 Rac8 18.c3 Ng6 19.Nh4 Nxh4 20.gxh4 Rfe8 21.Rad1 Rxe1+
22.Rxe1 Bg6 23.Nd4 Re8 24.Rxe8+ Qxe8 25.f3 Qe5 26.Ne2 b6 27.Kf2 Kf8 28.Qd4 Bf7
29.Qb4+ Qe7 30.Qxe7+ Kxe7 31.a3 Be6 32.Ke3 Kd6 33.Kd4 h6 34.Nf4 Bf7 35.Nd3 g5
36.g3 Bh5 37.Ke3 Bg6 38.Nf2 Bf5 39.Kd4 Be6 40.Nd1 Bd7 41.Ne3 Be6 42.b3 Kc6
43.b4 Kd6 44.b5 h5 45.f4 gxf4 46.gxf4 Bg8 47.Nf5+ Kd7 48.Ng3 Bf7 49.f5 Ke7
50.Ne2 Be8 51.Nf4 Bd7 52.Nxh5 Bxf5 53.Kxd5 Bd7 54.c4 Be6+ 55.Kd4 Bf5 56.Nf4 Kd6
57.h5 Bb1 58.h6 Ke7 59.c5 bxc5+ 60.Kxc5 Bc2 61.a4 Kf7 62.a5 Be4 63.Kd6 Kg8
64.Nd5 Bd3 65.b6 axb6 66.axb6 Ba6 67.Kc7  1-0

[Event "USA-ch"]
[Site "?"]
[Date "1988.??.??"]
[Round "?"]
[White "Kudrin, Sergey"]
[Black "Dlugy, Maxim"]
[Result "0-1"]
[WhiteElo "2545"]
[BlackElo "2545"]

1.e4 c5 2.Nf3 Nc6 3.d4 cxd4 4.Nxd4 Nf6 5.Nc3 d6 6.g3 g6 7.Bg2 Nxd4 8.Qxd4 Bg7
9.O-O O-O 10.Qb4 Qc7 11.a4 a5 12.Qb3 Be6 13.Nd5 Bxd5 14.exd5 Rfc8 15.c3 Nd7
16.Bh3 Rcb8 17.Rd1 Bf6 18.Be3 Ne5 19.Rac1 b5 20.axb5 Qc4 21.Qxc4 Nxc4 22.Bd7 Nxb2
23.Rf1 a4 24.Rc2 Nc4 25.Bc6 Ra5 26.Ra1 a3 27.Bd4 Kg7 28.Rb1 e5 29.Be3 Nxe3
30.fxe3 Bd8 31.e4 Ra4 32.Ra2 Bb6+ 33.Kg2 Rxe4 34.Rxa3 Re2+ 35.Kh1 f5 36.Rab3 Rc2
37.h4 h6 38.R1b2 Rc1+ 39.Kg2 g5 40.hxg5 hxg5 41.Rf2 Bxf2 42.Kxf2 Rh8 43.b6 Rh2+
44.Ke3 Rg1 45.Kd3 Rxg3+ 46.Kc4 Rh8 47.b7 Rb8 48.Bd7 Rf3 49.Bc8 g4 50.Rb1 g3
51.Rg1 Kf6 52.Kb4 e4 53.c4 Ke5 54.Kb5 Rc3  0-1

[Event "Midwest Masters op"]
[Site "Chicago"]
[Date "1989.??.??"]
[Round "3"]
[White "Kudrin, Sergey"]
[Black "Chow, Albert"]
[Result "1/2-1/2"]
[WhiteElo "2550"]
[BlackElo "2360"]

1.e4 e6 2.d4 d5 3.Nd2 c5 4.exd5 Qxd5 5.Ngf3 cxd4 6.Bc4 Qd6 7.O-O Nf6 8.Nb3 Nc6
9.Nbxd4 Nxd4 10.Nxd4 a6 11.Bb3 Qc7 12.Re1 Bd6 13.h3 O-O 14.c3 e5 15.Nc2 h6
16.Ne3 Re8 17.Qc2 Be6 18.Nf5 Bc5 19.Be3 Rad8 20.Bxc5 Qxc5 21.Rad1 Bxb3 22.Qxb3 Qc7
23.Qb4 Kh7 24.Qh4 Ng8 25.Qb4 g6 26.Nd6 Re7 27.Nc4 b5 28.Ne3 Red7 29.Rxd7 Rxd7
30.a4 Qc6 31.Ra1 Rb7 32.axb5 Qxb5 33.Qf8 Nf6 34.b4 h5 35.Rd1 Rd7 36.Rxd7 Qxd7
37.c4 Ne4 38.Nd5 Qf5 39.f3 Nd2 40.Ne7 Qb1+ 41.Kf2 Qf1+ 42.Kg3 h4+ 43.Kh2 Nxf3+
44.gxf3 Qf2+ 45.Kh1 Qf1+ 46.Kh2 Qf2+ 47.Kh1 Qxf3+ 48.Kg1 Qg3+ 49.Kf1 Qxh3+
50.Kg1 Qg3+ 51.Kh1 Qf3+ 52.Kh2 Qf4+ 53.Kg2 e4 54.Qg8+ Kh6 55.Nd5 Qf3+ 56.Kh2 Qf2+
57.Kh1 Qf1+ 58.Kh2 Qf2+ 59.Kh1 Qf1+ 60.Kh2 Qf2+  1/2-1/2

[Event "Midwest Masters op"]
[Site "Chicago"]
[Date "1989.??.??"]
[Round "4"]
[White "Kudrin, Sergey"]
[Black "Chachere, Lawrence"]
[Result "1-0"]
[WhiteElo "2550"]
[BlackElo "2310"]

1.e4 c5 2.Nf3 d6 3.d4 Nf6 4.Nc3 cxd4 5.Nxd4 a6 6.a4 e6 7.Be2 Be7 8.O-O O-O
9.f4 Qc7 10.Kh1 Nc6 11.Be3 Bd7 12.Nb3 b6 13.Bf3 Rab8 14.Qe2 Bc8 15.g4 Rd8
16.g5 Ne8 17.Bg2 g6 18.Rad1 Bf8 19.Nd4 Nb4 20.Qf2 Ng7 21.Rd2 d5 22.Nf3 dxe4
23.Nxe4 Ne8 24.Bd4 Nc6 25.Nf6+ Nxf6 26.Bxf6 Rxd2 27.Nxd2 b5 28.Qh4 Qd7 29.Ne4 Rb7
30.Bc3 Be7 31.Qh6 f6 32.gxf6 Bf8 33.Qh4 Nd4 34.f7+  1-0

[Event "US op"]
[Site "Chicago"]
[Date "1989.??.??"]
[Round "4"]
[White "Reyes, Romuel"]
[Black "Kudrin, Sergey"]
[Result "0-1"]
[WhiteElo "2315"]
[BlackElo "2550"]

1.e4 c5 2.Nf3 d6 3.d4 cxd4 4.Nxd4 Nf6 5.Nc3 g6 6.Be3 Bg7 7.f3 Nc6 8.Qd2 O-O
9.Bc4 Bd7 10.O-O-O Ne5 11.Bb3 Rc8 12.h4 h5 13.Bh6 Bxh6 14.Qxh6 Rxc3 15.bxc3 Qc7
16.Kb1 Rc8 17.g4 a5 18.gxh5 a4 19.hxg6 axb3 20.cxb3 Qxc3 21.gxf7+ Kxf7 22.Rhg1 Bh3
23.Rg3 Bf1 24.Rg7+ Ke8 25.Qh8+ Kd7 26.Rxe7+ Kxe7 27.Nf5+ Kd7 28.Qg7+ Kc6
29.Rxd6+ Kc5 30.Qg1+ Kb4 31.Qxf1 b5 32.Ne7 Rc7 33.Rxf6 Qc2+ 34.Ka1 Qc1+  0-1

[Event "US op"]
[Site "Chicago"]
[Date "1989.??.??"]
[Round "5"]
[White "Kudrin, Sergey"]
[Black "Chow, Albert"]
[Result "1-0"]
[WhiteElo "2550"]
[BlackElo "2360"]

1.e4 e6 2.d4 d5 3.Nd2 c5 4.Ngf3 cxd4 5.exd5 Qxd5 6.Bc4 Qd6 7.O-O Nf6 8.Nb3 Nc6
9.Nbxd4 Nxd4 10.Nxd4 a6 11.Bb3 Qc7 12.Qf3 Bd6 13.h3 O-O 14.Bg5 Nd7 15.c3 b6
16.Rad1 Bb7 17.Qe2 Nc5 18.Bc2 Bh2+ 19.Kh1 Bf4 20.Bxf4 Qxf4 21.Rfe1 Rad8 22.f3 g6
23.b4 Nd7 24.Nxe6 fxe6 25.Qxe6+ Kh8 26.Rxd7 Bc8 27.Rxh7+  1-0

[Event "Midwest Masters op"]
[Site "Chicago"]
[Date "1989.??.??"]
[Round "6"]
[White "Kudrin, Sergey"]
[Black "Brooks, Michael A"]
[Result "1/2-1/2"]
[WhiteElo "2550"]
[BlackElo "2385"]

1.e4 e5 2.Nf3 Nc6 3.Bc4 Bc5 4.c3 Nf6 5.d3 a6 6.O-O Ba7 7.Re1 d6 8.Bb3 O-O
9.h3 Kh8 10.d4 Qe7 11.Bc2 Rg8 12.Be3 g5 13.dxe5 dxe5 14.Bxa7 Nxa7 15.Qd3 Nh5
16.Nh2 Nf4 17.Qe3 Nc6 18.Nd2 g4 19.hxg4 Bxg4 20.Nxg4 Rxg4 21.g3 Qh4 22.Qf3 Rag8
23.Re3 Nd4 24.cxd4 exd4 25.Ra3 d3 26.Rxd3 Nxd3 27.Qxd3 Rxg3+ 28.fxg3 Rxg3+
29.Qxg3 Qxg3+ 30.Kf1 Qf4+ 31.Ke2 Qh2+ 32.Ke3 Qh6+ 33.Ke2 Qh2+ 34.Ke3 Qh6+
35.Kd3 Qd6+ 36.Ke2  1/2-1/2

[Event "US op"]
[Site "Chicago"]
[Date "1989.??.??"]
[Round "7"]
[White "Rolletschek, Heinrich"]
[Black "Kudrin, Sergey"]
[Result "0-1"]
[WhiteElo "2405"]
[BlackElo "2550"]

1.e4 c5 2.Nf3 Nc6 3.d3 g6 4.g3 Bg7 5.Bg2 e5 6.O-O Nge7 7.c3 O-O 8.Na3 d6
9.Be3 h6 10.Qd2 Kh7 11.Ne1 Be6 12.f4 exf4 13.gxf4 f5 14.Nf3 Qd7 15.b3 b6
16.Rad1 Rad8 17.c4 a6 18.Nb1 b5 19.Nc3 fxe4 20.Nxe4 Nf5 21.Nfg5+ Kh8 22.Nxe6 Nxe3
23.Qxe3 Qxe6 24.Qg3 Ne7 25.Rde1 Qf7 26.Kh1 Bd4 27.Bh3 Nf5 28.Qf3 d5 29.cxd5 Rxd5
30.Ng3 Rfd8 31.Qe4 Nxg3+ 32.hxg3 R5d6 33.f5 g5 34.Bg2  0-1

[Event "Las Palmas op"]
[Site "Las Palmas"]
[Date "1989.??.??"]
[Round "?"]
[White "Kudrin, Sergey"]
[Black "Garcia Padron, J."]
[Result "1-0"]
[WhiteElo "2550"]
[BlackElo "2420"]

1.e4 e5 2.Nf3 Nc6 3.Bc4 Bc5 4.c3 Nf6 5.d3 a6 6.O-O d6 7.Bb3 O-O 8.Nbd2 Ba7
9.h3 Ne7 10.Re1 Ng6 11.Nf1 Be6 12.Ng3 h6 13.d4 Bxb3 14.Qxb3 Qd7 15.Qc2 Rfe8
16.Be3 Qc6 17.Rad1 b5 18.Qb1 Qb7 19.Qc1 Kh7 20.Nf5 Nf4 21.Bxf4 exf4 22.e5 dxe5
23.Nxe5 Nd5 24.Qc2 Kg8 25.Qe4 Rad8 26.Qf3 Qb6 27.Qg4 Qf6 28.Nc6 h5 29.Qxg7+ Qxg7
30.Nxg7 Kxg7 31.Nxa7 Ne7 32.Rxe7 Rxe7 33.Nc6  1-0

[Event "Las Palmas op"]
[Site "Las Palmas"]
[Date "1989.??.??"]
[Round "?"]
[White "Kudrin, Sergey"]
[Black "Fernandez, Juan Luis"]
[Result "1-0"]
[WhiteElo "2550"]
[BlackElo "2330"]

1.e4 e5 2.Nf3 Nc6 3.Bc4 Nf6 4.d3 Be7 5.O-O O-O 6.Bb3 d5 7.exd5 Nxd5 8.Re1 Bg4
9.h3 Bxf3 10.Qxf3 Nd4 11.Qxd5 Qxd5 12.Bxd5 Nxc2 13.Bd2 Nxa1 14.Rc1 Rad8 15.Nc3 c6
16.Bf3 Rxd3 17.Be3 Nb3 18.axb3 a6 19.Be2 Rd7 20.Na4 Re8 21.Kf1 h6 22.Nc5 Rc7
23.Ne4 Rd7 24.g3 Kh7 25.Nc5 Bxc5 26.Bxc5 Rd2 27.Rb1 Rd7 28.Bb4 f6 29.h4 g5
30.Bg4 Rd5 31.Bc3 Kg7 32.Re1 Kg6 33.f4 gxh4 34.gxh4 e4 35.f5+ Rxf5+ 36.Bxf5+ Kxf5
37.Ke2 Re6 38.Rg1 c5 39.Ke3 b5 40.Rf1+ Kg6  1-0

[Event "Las Palmas op"]
[Site "Las Palmas"]
[Date "1989.??.??"]
[Round "?"]
[White "Kudrin, Sergey"]
[Black "Hebden, Mark"]
[Result "1-0"]
[WhiteElo "2550"]
[BlackElo "2455"]

1.e4 e5 2.Nf3 Nc6 3.Bb5 a6 4.Ba4 Nf6 5.O-O Be7 6.Re1 b5 7.Bb3 O-O 8.c3 d5
9.exd5 Nxd5 10.Nxe5 Nxe5 11.Rxe5 Bb7 12.d4 Qd7 13.Nd2 Nf4 14.Ne4 Bd6 15.Nxd6 cxd6
16.Rg5 Ng6 17.Rg3 Rae8 18.Bg5 Qf5 19.Bc2 Be4 20.Bxe4 Rxe4 21.a4 bxa4 22.Rxa4 Qe6
23.Re3 d5 24.Rxe4 Qxe4 25.Rxa6 Re8 26.h3 h6 27.Be3 Kh7 28.Qf3 Qb1+ 29.Kh2 f5
30.Qh5 f4 31.Bxf4 Nxf4 32.Rxh6+ gxh6 33.Qf7+ Kh8  1-0

[Event "Las Palmas op"]
[Site "Las Palmas"]
[Date "1989.??.??"]
[Round "?"]
[White "Kudrin, Sergey"]
[Black "Lima, Darcy"]
[Result "1-0"]
[WhiteElo "2550"]
[BlackElo "2385"]

1.e4 e5 2.Nf3 Nc6 3.Bc4 Nf6 4.d3 h6 5.c3 d6 6.O-O g6 7.Nbd2 Bg7 8.Re1 O-O
9.Bb3 Rb8 10.d4 Qe7 11.h3 b5 12.a3 Bd7 13.Nf1 Na5 14.Bc2 c5 15.Ng3 cxd4 16.cxd4 Rfc8
17.b3 exd4 18.Nxd4 Nc6 19.Bb2 Re8 20.Qd2 Nxd4 21.Bxd4 Bc6 22.Rad1 Qb7 23.f3 Re6
24.b4 d5 25.e5 Nd7 26.f4 Ree8 27.h4 Nf8 28.h5 Qe7 29.hxg6 fxg6 30.f5 Qh4
31.Re3 h5 32.f6 Bh6 33.f7+  1-0

[Event "Las Palmas op"]
[Site "Las Palmas"]
[Date "1989.??.??"]
[Round "?"]
[White "Diaz, Joaquin C"]
[Black "Kudrin, Sergey"]
[Result "0-1"]
[WhiteElo "2340"]
[BlackElo "2550"]

1.e4 c6 2.d4 d5 3.Nd2 dxe4 4.Nxe4 Nd7 5.Bc4 Ngf6 6.Ng5 e6 7.Qe2 Nb6 8.Bd3 h6
9.N5f3 c5 10.dxc5 Bxc5 11.Ne5 Nbd7 12.Ngf3 Qc7 13.Bf4 Bb4+ 14.Nd2 Nxe5 15.Bxe5 Bd6
16.Bb5+ Bd7 17.Bxf6 gxf6 18.Ne4 Be7 19.O-O-O O-O-O 20.Bxd7+ Rxd7 21.Rxd7 Kxd7
22.Qe3 a6 23.g4 Kc8 24.h3 f5 25.gxf5 exf5 26.Qc3 Qxc3 27.Nxc3 Bg5+ 28.Kb1 Bh4
29.Rh2 Re8 30.Kc1 Bg5+ 31.Kd1 Rd8+ 32.Ke1 Rd2 33.h4 Bf4 34.Rh3 Rxc2 35.Rf3 Bd2+  0-1

[Event "New York op"]
[Site "New York"]
[Date "1989.??.??"]
[Round "1"]
[White "Henao, Raul Fernando"]
[Black "Kudrin, Sergey"]
[Result "0-1"]
[WhiteElo "2420"]
[BlackElo "2550"]

1.e4 c5 2.Nf3 d6 3.d4 cxd4 4.Nxd4 Nf6 5.Nc3 g6 6.Be2 Bg7 7.O-O O-O 8.Nb3 Nbd7
9.Kh1 a6 10.a4 b6 11.f4 Bb7 12.Bf3 b5 13.Qe1 Qc7 14.e5 dxe5 15.fxe5 Nxe5
16.Bxb7 Neg4 17.Bf4 Qxb7 18.axb5 axb5 19.Rxa8 Rxa8 20.h3 Nh6 21.Nc5 Qc6 22.Qxe7 Nf5
23.Qb7 Qxb7 24.Nxb7 b4 25.Ne2 Nd5 26.g4 Nfe3 27.Rf3 Nxc2 28.Bd2 Ra1+ 29.Kh2 Be5+
30.Ng3 Rd1 31.Bh6 Nd4  0-1

[Event "New York op"]
[Site "New York"]
[Date "1989.??.??"]
[Round "2"]
[White "Kudrin, Sergey"]
[Black "Rivas Pastor, Manuel"]
[Result "1/2-1/2"]
[WhiteElo "2550"]
[BlackElo "2505"]

1.e4 e6 2.d4 d5 3.Nd2 c5 4.exd5 Qxd5 5.Ngf3 cxd4 6.Bc4 Qd6 7.O-O Nf6 8.Nb3 Nc6
9.Nbxd4 Nxd4 10.Nxd4 Bd7 11.c3 Qc7 12.Qe2 a6 13.Bg5 Be7 14.Bd3 O-O 15.Rfe1 Rfe8
16.Nf3 h6 17.Bh4 Nh5 18.Bxe7 Nf4 19.Qe4 Nxd3 20.Qxd3 Rxe7 21.Rad1 Bb5 22.Qd6 Qxd6
23.Rxd6 Rd7 24.Rxd7 Bxd7 25.Rd1 Be8 26.Rd6 Kf8 27.Nd4 e5 28.Nf5 Bc6 29.f3  1/2-1/2

[Event "New York op"]
[Site "New York"]
[Date "1989.??.??"]
[Round "3"]
[White "Gufeld, Eduard"]
[Black "Kudrin, Sergey"]
[Result "1-0"]
[WhiteElo "2490"]
[BlackElo "2550"]

1.g3 d5 2.Bg2 Nf6 3.d3 c6 4.Nd2 Bf5 5.e4 Bg6 6.f4 Bh5 7.Ngf3 Qb6 8.h3 Bxf3
9.Qxf3 e6 10.Nb3 a5 11.Be3 Qb4+ 12.c3 Qb5 13.e5 Nfd7 14.Qe2 Nc5 15.Nxc5 Bxc5
16.a4 Qb6 17.d4 Be7 18.O-O O-O 19.f5 exf5 20.Rxf5 Na6 21.Raf1 Nc7 22.h4 f6
23.exf6 Rxf6 24.Rxf6 Bxf6 25.Bf4 Na6 26.Qe6+ Kh8 27.Qf7 h6 28.Rf2 c5 29.Bg5 Bxg5
30.hxg5 cxd4 31.gxh6 Qxh6 32.Rf4 g5 33.Rf6 Qh7 34.Qe6 Nc7 35.Qe5 Qg7 36.Rh6+ Kg8
37.Bxd5+ Nxd5 38.Qxd5+ Kf8 39.Qd6+ Kf7 40.Qe6+ Kf8 41.Rf6+  1-0

[Event "New York op"]
[Site "New York"]
[Date "1989.??.??"]
[Round "4"]
[White "Kudrin, Sergey"]
[Black "Benko, Pal C"]
[Result "1-0"]
[WhiteElo "2550"]
[BlackElo "2405"]

1.e4 c5 2.Nf3 Nc6 3.d4 cxd4 4.Nxd4 Qb6 5.Nb3 Nf6 6.Nc3 e6 7.Bd3 Be7 8.O-O d6
9.a4 O-O 10.a5 Qc7 11.Be3 Nb4 12.f4 e5 13.Be2 Rd8 14.Ra4 d5 15.fxe5 Nxe4
16.Nb5 Qxe5 17.Qc1 Bd7 18.N3d4 Bc5 19.c3 Nc6 20.b4 Bxd4 21.cxd4 Qe7 22.Nc7 Nxb4
23.Rxb4 Qxb4 24.Nxa8 Rxa8 25.Qc7 Qc3 26.Qf4 Be6 27.Rc1 Qxa5 28.Bd3 Rc8 29.Rxc8+ Bxc8
30.h3 h6 31.Kh2 Kh7 32.Qe5 f5 33.Bf4 Qd8 34.Qb8 a5 35.Bb5 Nc3 36.Bd3 a4 37.Bxf5+ g6
38.Bxc8 a3 39.Qxb7+ Kg8 40.Be6+  1-0